|
|
|
|
| LEADER |
00000cam a2200000 a 4500 |
| 001 |
vtls001469474 |
| 003 |
SK-MaSNL |
| 005 |
20260301163630.0 |
| 008 |
240226s2003 xo gr 000 f slo |
| 015 |
|
|
|a SNBA2004/09-05128
|
| 020 |
|
|
|a 8055106665
|
| 035 |
|
|
|a SNK000424779
|
| 035 |
|
|
|a urn:nbn:sk:snk-am3j26v
|
| 035 |
|
|
|a 63DF77DB-0863-4971-A55C-8656B59200B6
|
| 035 |
|
|
|a urn:nbn:sk:snk-am00gl3y
|
| 040 |
|
|
|a SNK
|b slo
|c SNK
|e AACR2
|
| 041 |
1 |
|
|a slo
|h eng
|
| 044 |
|
|
|a xo
|c SK
|
| 072 |
|
7 |
|a 821.111(73)-3
|x Americká próza
|2 konspekt
|
| 080 |
|
|
|a 821.111-3
|2 1997
|
| 080 |
|
|
|a 821.111(73)-31
|2 2011
|
| 080 |
|
|
|a (0:82-312.4)
|2 2011
|
| 100 |
1 |
|
|a Gilder, Joshua,
|d 1954-
|4 aut
|9 529917
|
| 240 |
1 |
0 |
|a Ghost image
|l Slovensky
|
| 245 |
1 |
0 |
|a Skryté jazvy
|c Joshua Gilder ; [z anglického originálu preložila Zuzana Dudíková]
|
| 250 |
|
|
|a [1. vyd.]
|
| 260 |
|
|
|a Bratislava
|b Ikar
|c 2003
|
| 300 |
|
|
|a 335 strán
|c 20 cm
|
| 655 |
|
7 |
|a americké romány
|2 SNKPH
|9 1174
|
| 655 |
|
7 |
|a trilery (romány)
|2 SNKPH
|9 151146
|
| 700 |
1 |
|
|a Dudíková, Zuzana
|4 trl
|9 21038
|
| 919 |
|
|
|a 80-551-0666-5
|
| 958 |
|
|
|a UP
|
| 958 |
|
|
|a NS
|
| 958 |
|
|
|a LX
|
| 958 |
|
|
|a OND
|
| 968 |
|
|
|b ENG
|
| 999 |
|
|
|c 817606
|d 819536
|
| 952 |
|
|
|t P60, <03>, [BOOK], {603}
|a SNK
|b SNK
|y PREZ
|7 0
|p 17A0415809
|o snkSC 114801
|i snkKSP 2792/2004
|0 0
|1 0
|4 0
|d 2004-02-25
|f 1
|l 0
|r 2025-10-03 00:00:00
|w 2026-02-24
|
| 952 |
|
|
|t P60, <04>, [BOOK], {604}
|a SNK
|b SNK
|y VYP
|7 0
|p 17A0415808
|o snkSC 114801 D1
|i snkKSP 2793/2004
|0 0
|1 1
|4 0
|d 2004-02-25
|l 0
|r 2005-01-02 00:00:00
|w 2026-02-24
|